| 000 | 00979cam a2200301 a 4500 | ||
|---|---|---|---|
| 001 | 59338 | ||
| 003 | CO-BoRNBP | ||
| 005 | 20251003212121.0 | ||
| 007 | ta | ||
| 008 | 941115s1991 ck a jr 00010 spa d | ||
| 020 | _a9586380386 | ||
| 040 |
_ala _bspa _cCO-BoBLA |
||
| 041 | 0 | _aspa | |
| 082 | 0 | 4 |
_aI633.15 _bF37a _219 ed. |
| 100 | 1 |
_aFernández Gutiérrez, Gloria Lucía. _965267 |
|
| 240 | 1 | 0 | _aAntioquia-Bibliografía regional |
| 245 | 1 | 0 |
_aAventuras ilustradas de el maíz / _ctextos Gloria Fernández Gutiérrez ; ilustraciones Adriana Puerta Gaitán. |
| 250 | _a1a. edición | ||
| 300 |
_a[25] p : _bil ; _c25 cm. |
||
| 336 |
_2rdacontent _atexto _btxt |
||
| 337 |
_2rdamedia _asin mediación _bn |
||
| 338 |
_2rdacarrier _avolumen _bnc |
||
| 490 | 1 | _aColección aventuras ilustradas | |
| 650 | 7 |
_aMaíz _x Cultivo _x Historia _x Literatura infantil. _2BLAAUTO _965270 |
|
| 700 | 1 |
_aPuerta Gaitán, Adriana, _eil. _965271 |
|
| 942 |
_2ddc _cBK |
||
| 949 |
_ac _bn |
||
| 999 |
_c59338 _d59338 |
||